000 00721nam a2200217Ia 4500
003 GCL
008 140319s9999 xx 000 0 ara d
040 _aGCL /
_cGCL
082 0 4 _a250
_bج ك
100 1 _aالجصاص , ابوبكر احمد على الراز
245 1 0 _aكتاب ادب القاضى /
_cالجصاص , ابوبكر احمد على الراز
700 1 _aفرحات زياده (تحقيق)
260 _a[S.N] :
_bالجامعة الامريكية بالقاهرة
300 _a825 ص
490 _a
650 0 4 _aالعقائد الاسلامية
650 0 4 _aالاحكام
650 0 4 _aالشريعة الاسلامية
650 0 4 _aالفقه الاسلامى
942 _2ddc
_cBK
999 _c58825
_d58825